000 01019pab a2200169 454500
008 180718b1996 xxu||||| |||| 00| 0 eng d
100 _aSrinivasan, Kannan
245 _aIndian power policy, Enron and the BoP
260 _c1996
300 _ap.2207-214
362 _a17 Aug
520 _a"The Enron deal has given investors an unrealistic expectation of the returns they can receive under the government's power policy. Glimpses provided by documents of how the government decided on Enron show it to have been fully aware of the damage this decision would cause. The Amended Power Purchase Agreement negotiated by the committee appointed by the Shiv-Sena-BJP government is even worse for the interests of Maharashtra than the Congress original of 1994. The balance of payments consequences of fuel imports for naphtha and fuel oil-based power plants will be ruinous"
650 _aPower industry - India - Maharashtra
650 _aEnergy Industries
773 _aEconomic and Political Weekly
909 _a31985
999 _c31985
_d31985